000 00325nam a2200121Ia 4500
008 190216s9999||||xx |||||||||||||| ||und||
100 _aAlbert Cotton F & Geoffrey Wilkinson
245 0 _aAdvanced Inorganic Chemistry
260 _bWiley Eastern Ltd
_c1972
300 _a1145p
650 _aChemistry-Chemistry
942 _cBK
999 _c2179
_d2179